000 00698nam a22001937a 4500
999 _c194194
_d194194
005 20221209122020.0
010 _aUR-11783
020 _a9789393785077
_c300.00
035 _aU-10338
037 _bDBAD/PUB
_a-
082 _a840.8
245 _aمینا ر فکر و فن معراج احمد معراج /
_cمرتب - شاذ یہ فخر
_hا ر د و
246 _aMinar-e-Fikr o Fan Meraj Ahmad Meraj /
_bed. by Shazia Fakhar
260 _aNew Delhi
_bEducational Publishing House
_c2021 ء
270 _aH.o. D1/16, Ansari Road, Darya Ganj
_bNew Delhi
_e110002
300 _a224 ص
_c23cm(Hb)
700 _aمرتب - شاذ یہ فخر
942 _2ddc
_cUR
_h840.8
_mش ا ذ